[Event "Belfort Comtois 4th"]
[Site "Belfort"]
[Date "1999.12.22"]
[Round "10"]
[White "Gurevich, Mikhail"]
[Black "Fedorov, Alexei"]
[Result "0-1"]
[WhiteElo "2643"]
[BlackElo "2659"]
[Annotator "Huzman,A"]
[PlyCount "116"]
[EventDate "1999.12.13"]
[EventType "tourn"]
[EventRounds "6"]
[EventCountry "FRA"]
[EventCategory "15"]
[SourceTitle "CBM 075"]
[Source "ChessBase"]
[SourceDate "2000.04.05"]
[SourceVersion "1"]
[SourceVersionDate "2000.04.05"]
[SourceQuality "1"]

1. d4 Nf6 2. c4 g6 3. Nc3 Bg7 4. e4 d6 5. Nf3 O-O 6. Be2 e5 7. O-O Nc6 8. d5
Ne7 9. Nd2 c5 10. Rb1 Ne8 11. b4 b6 12. bxc5 bxc5 13. Nb3 f5 (13... h6 14. Bd2
f5 15. f3 Nf6 (15... f4 16. Nb5 (16. g4 g5 17. Qc2 Rf7 18. Nb5 Bf6 19. Na5 Qd7
20. Qa4 Kf8 21. Rb2 h5 22. h3 hxg4 23. hxg4 Rh7 24. Nc3 $16 {.... 1-0
Sinkovics,P-Nizard,R/Bagneux 1992/EXT 99 (50)}) 16... a6 17. Ba5 Qd7 18. Nc3
Rb8 19. Qc2 g5 20. Nd2 Rxb1 21. Rxb1 Ng6 22. Na4 $16 {1-0 Kazek,K-Sarwinski,M/
Bytom 1988/EXT 97 (39)}) 16. Bd3 f4 17. Nb5 Ne8 18. Ba5 Qd7 19. Bc2 g5 20. Nxc5
dxc5 21. Ba4 Rb8 22. Qc2 Nf6 23. Nc7 Rxb1 24. Bxd7 Rxf1+ 25. Kxf1 Bxd7 $13 {
0-1 Bogdanovski,V-Sarwinski,M/Bytom 1988/EXT 97 (42)}) 14. Bg5 h6 15. Bd2 g5 (
15... Nf6 16. f3 f4 17. Qc1 g5 18. Qa3 Ng6 19. Qa5 Qe7 20. Nb5 Ne8 21. Nxd6
Nxd6 22. Qxc5 g4 23. fxg4 Qf6 24. Bf3 Ba6 25. Rfc1 Rfc8 26. Qf2 Nxc4 $17 {
1-0 Chabanon,J-Etchegaray,P/FRA 1991/TD (36)}) 16. Nb5 a6 $6 {[%csl Rb6]} (
16... fxe4 17. Ba5 Qd7 18. Nd2 Qf5 19. Nc3 Nf6 20. Nb5 Ne8 21. Bc7 Qd7 22. Ba5
$11) 17. Ba5 Qd7 18. Nc3 Ng6 19. exf5 (19. Nd2 {[%cal Gc3a4,Ga4b6]} Nf4 20.
exf5 Qxf5 21. Nde4 $14) 19... Qxf5 20. Na4 (20. Bd3 Qf7 21. Ne4 Nf4 $132) 20...
Rb8 (20... Nf4 21. Nb6 Rb8 22. Nxc8 Nxe2+ (22... Rxc8 23. Bg4 Qe4 24. f3 Qe3+
25. Kh1 $16) 23. Qxe2 Rxc8 24. Nd2 $14 {[%csl Ra6,Rd6][%cal Gb1b6,Gb6a6,Gb6d6]}
) 21. Nb6 Rxb6 $1 {[%mdl 32] Black has to keep the White-squared Bishop on the
board by any cost, so the exchange sac is the only way to keep counterchances.}
22. Bxb6 Nf4 23. Nd2 $6 {Now White has no active plan and Black seizes an
initiative. As indicated by V.Bologan in "New in Chess" magazine, White had to
play actively.} (23. Na5 $1 {V.Bologan} e4 (23... g4 {[%cal Yf5e4]} 24. f3 $1 (
24. Re1 Nxg2 $1 25. Kxg2 Qxf2+ 26. Kh1 g3 27. hxg3 Qxg3 28. Rf1 Qh3+ $11) 24...
gxf3 25. Bxf3 e4 26. Nc6 $1 Qg5 27. Bxe4 (27. Bd8 Bf6 28. Bxf6 Nxf6 29. Ne7+
Kh8 30. Nxc8 Rxc8 31. g3 $1 exf3 (31... Nh3+ 32. Kg2 exf3+ 33. Qxf3 Ng4 34. Rb7
Qd2+ (34... Rg8 35. Qc3+ $18) 35. Kxh3 Rg8 (35... Qxh2+ 36. Kxg4 Rg8+ 37. Kf5
Rxg3 (37... Rf8+ 38. Kg6 Qc2+ (38... Rxf3 39. Rb8+) 39. Qf5 Rg8+ 40. Kxh6 Qh2+
41. Qh5 Qd2+ 42. Rf4 Qc2 43. Rg7 $1 $18) 38. Qf4 Qh5+ 39. Ke6 Rg6+ 40. Kd7 Rg7+
41. Kc6 Qe8+ 42. Kb6 Qd8+ 43. Ka7 Rxb7+ 44. Kxb7 Qd7+ 45. Kxa6 Qc8+ 46. Kb6
Qb8+ 47. Kc6 $18) 36. Qh1 Nf2+ 37. Rxf2 Qxf2 38. Qb1 Rg7 39. Rb8+ Rg8 40. Rxg8+
Kxg8 41. Qg6+ $18) 32. Qxf3 N4h5 33. Rb6 $16 {V.Bologan} (33. Rbe1 $5))) 24.
Nc6 Rf7 25. Bd8 Kh8 26. Bh5 Nxh5 27. Qxh5 $16) 23... e4 24. Rb3 Bd4 $44 {
[%mdl 4]} 25. Bd8 Qd7 26. Ba5 Nf6 27. Rg3 Qg7 {[%cal Yh6h4]} 28. Kh1 h5 29. Rb3
Bf5 30. Rb6 Qd7 31. Nb3 Be5 32. Bd2 (32. Rxa6 h4 $40 {[%cal Yh4h3]}) 32... h4
33. Be3 h3 $1 $17 34. g3 (34. gxh3 Nxe2 35. Qxe2 Bxh3 36. Rg1 Bg4 37. Rxg4 Nxg4
$40 {/-+}) 34... Nxe2 35. Qxe2 Bg4 36. Qc2 Bf3+ 37. Kg1 Qf5 38. Nd2 (38. Na5 $5
Bg4 $140 39. f4) 38... Ng4 39. Qb1 Be2 $17 40. Rb8 Bxf1 41. Rxf8+ Kxf8 42. Qxf1
Bc3 $1 $19 43. Qxh3 (43. Nb1 Bd4 $1 44. Bxd4 cxd4 45. Nd2 e3 46. fxe3 Qxf1+ 47.
Kxf1 (47. Nxf1 dxe3 $19) 47... Nxh2+ 48. Ke2 (48. Kg1 dxe3 $19) 48... Ng4 49.
Nf3 dxe3 $19 {[%cal Yh3h2]}) 43... Bxd2 44. Bxd2 Qxf2+ 45. Kh1 Kg7 $1 46. Qg2 (
46. Bc3+ Kg6 47. Qg2 Qxg2+ 48. Kxg2 Ne3+ $19) 46... Qd4 47. Qe2 Qd3 $1 48. Qxd3
exd3 49. Kg2 Kg6 50. h4 (50. Kf3 Ne5+ 51. Ke3 Nxc4+ 52. Kxd3 Nxd2 53. Kxd2 g4
$1 $19) 50... gxh4 51. gxh4 Ne5 {[%csl Rc4,Rd5]} 52. Bg5 Kf5 53. Kf2 Nxc4 54.
Kf3 Ne5+ 55. Ke3 c4 56. Be7 c3 57. Bxd6 d2 58. Ke2 Nc4 0-1

[Event "EU-Cup 14th final"]
[Site "Belgrade"]
[Date "1999.01.13"]
[Round "3"]
[White "Kramnik, Vladimir"]
[Black "Smirin, Ilia"]
[Result "1/2-1/2"]
[WhiteElo "2751"]
[BlackElo "2652"]
[Annotator "Huzman,A"]
[PlyCount "150"]
[EventDate "1999.01.11"]
[EventType "team-k.o."]
[EventRounds "3"]
[EventCountry "YUG"]
[SourceTitle "EXT 2020"]
[Source "ChessBase"]
[SourceDate "2019.10.17"]
[SourceVersion "1"]
[SourceVersionDate "2019.10.17"]
[SourceQuality "1"]
[WhiteTeam "Zemun Agrouniverzal"]
[BlackTeam "Petah-Tikva Elitzur"]
[WhiteTeamCountry "SRB"]
[BlackTeamCountry "ISR"]

{[%mdl 36]} 1. Nf3 Nf6 2. c4 g6 3. Nc3 Bg7 4. e4 d6 5. d4 O-O 6. Be2 e5 7. O-O
Nc6 8. d5 Ne7 9. b4 a5 10. Ba3 b6 11. bxa5 Nh5 12. Re1 (12. Nb5 Rxa5 13. Bb4
Ra8 (13... Ra6 14. Nd2 Nf4 15. a4 f5 16. Re1 Nxe2+ 17. Qxe2 fxe4 18. Nxe4 Nf5
19. Qd3 Nd4 20. Bc3 Nb3 21. Ra3 Na5 $11 {1/2-1/2 Van Wely,L-Smirin,I/Elista
1998/CBM Extra 66 (97)}) 14. Qb3 $6 Nf4 15. Bd1 f5 16. Bc2 g5 $1 17. Nd2 Ne2+
18. Kh1 f4 19. Rfe1 $5 Nd4 20. Nxd4 exd4 $36 {1-0 Krasenkow,M-Zaitsev,I/
Koszalin 1997/Inf 70/[Krasenkow,M] (58)}) 12... f5 (12... Nf4 13. Bf1 f5 14.
Nd2 g5 15. Nb3 bxa5 16. c5 Rf6 17. g3 Nfg6 18. Nd2 f4 19. Be2 Qd7 20. Nc4 Rb8
21. Qa4 Qh3 22. Bf1 Qh5 23. cxd6 cxd6 24. Bxd6 $16 {0-1 Shomoev,A-Arakelov,I/
Ch Russia (juniors) (under 1998 (61)}) 13. Bb4 $1 $146 {White are fixing
pawn`s structure on the Queen`s side and it lets them to start tipycal plan
with c4-c5.Moreover,Black had weak squares b6 and c6 now.} (13. Bc1 Rxa5 14. a4
Nf4 15. Bf1 fxe4 16. Nxe4 Bg4 17. Bd2 Ra8 18. Ra3 h6 19. h3 Bd7 20. a5 g5 21.
Qc1 bxa5 22. Bxa5 Kh8 23. Bb4 Rc8 24. Ba5 Qe8 25. Nh2 Qg6 $132 {1/2-1/2 San
Segundo,P-Bacrot,E/Escaldes 1998/CBM 68_07 (68)}) 13... bxa5 14. Ba3 {[%cal
Gc4c5]} Nf6 15. Bd3 $1 (15. Nd2 Bh6 16. Bd3) 15... fxe4 16. Nxe4 Bg4 17. Nxf6+
Rxf6 18. Be4 $14 Nf5 19. Qd3 (19. h3 Bxf3 20. Qxf3 Nd4 21. Qe3 $14) 19... Rf7
20. Rab1 Bh6 21. c5 Qf6 22. cxd6 cxd6 23. Rb6 $16 {[%csl Ra5,Rd6]} Rd8 24. Rf1
$1 {This strong move takes away all counterplay and Black are doomed to
passive defence.} Qe7 25. h3 Bxf3 26. Bxf3 Bf8 27. g3 (27. Rfb1 Nd4 28. Be4 Qh4
$132) 27... Nd4 28. Be4 Qc7 29. Ra6 Rc8 30. Kg2 (30. Rc1 Qxc1+ 31. Bxc1 Rxc1+
32. Kg2 Rc2 33. Qxd4 exd4 34. Bxc2 Rc7 35. Rc6 Rb7 36. Bb3 d3 37. Rc3 d2 38.
Rd3 Bh6 39. h4 $14 {[%cal Gf2f4] /+/-}) 30... Qd8 31. Bb2 Rc5 (31... Bg7 32.
Bc3 (32. Qd2 Ra8 33. Rxa8 Qxa8 34. Rc1 $36) 32... Rc5 33. Rb1 Qf8 34. Rb2 $16)
32. Bxd4 exd4 33. Qxd4 Rb5 34. Rc6 $2 {Being short of time,White are changing
their active Rook. They had to do it with passive one instead.} (34. Rb1 $1 Bg7
35. Qd2 $16 {/+-}) 34... Rb4 35. Rc4 (35. Qd3 Rb2 $132) 35... Bg7 36. Qd3 Rb2
$132 {[%cal Yf7f2,Yb2f2,Yd8b6,Yb6f2]} 37. Rc2 Qb6 38. Rc8+ Bf8 39. Rc2 Bg7 40.
Bf3 Bd4 {[%csl Rf2]} 41. h4 Kg7 42. Rd2 Rxd2 43. Qxd2 Qb4 44. Qe2 Qb2 45. Qxb2
Bxb2 $14 {/+/-} 46. Re1 (46. Rd1 Ba3 47. Be4 Bc5 $132) 46... Bd4 47. Re4 Bc5
48. g4 Rb7 {[%cal Yb7b2,Yb2f2,Yc5f2]} 49. g5 (49. Re2 a4 {[%cal Ya4a3,Yb7b2]})
49... Rb2 50. Re7+ Kg8 51. Re2 Rxe2 $11 52. Bxe2 Kg7 53. Bb5 h6 54. Be8 hxg5
55. hxg5 Bb4 56. Kf3 Bd2 57. Kg4 Be1 58. f4 Bd2 59. Kf3 Bc1 60. Ke4 Bd2 61. Kf3
Bc1 62. Kg4 Bd2 63. f5 gxf5+ 64. Kxf5 Bb4 65. Ke6 Bc5 66. Ke7 Bb4 67. Kd8 Bc5
68. Kc7 Bb4 69. Kb6 Kf8 70. Bh5 Kg7 71. Kb5 Kf8 72. Bd1 Kg7 73. Bc2 Kf8 74. Ka4
Kg7 75. a3 Bc5 1/2-1/2

[Event "London FIDE GP 1st"]
[Site "London"]
[Date "2012.09.28"]
[Round "7"]
[White "Mamedyarov, Shakhriyar"]
[Black "Nakamura, Hikaru"]
[Result "1-0"]
[WhiteElo "2729"]
[BlackElo "2783"]
[Annotator "Krasenkow,M"]
[PlyCount "85"]
[EventDate "2012.09.21"]
[EventType "tourn"]
[EventRounds "11"]
[EventCountry "ENG"]
[EventCategory "20"]
[SourceTitle "CBM 151"]
[Source "ChessBase"]
[SourceDate "2012.11.13"]
[SourceVersion "1"]
[SourceVersionDate "2012.11.13"]
[SourceQuality "1"]

1. d4 Nf6 2. c4 g6 3. Nf3 Bg7 4. g3 O-O 5. Bg2 d6 6. O-O Nbd7 7. Nc3 e5 8. e4
exd4 9. Nxd4 Re8 10. h3 Nc5 11. Re1 h6 12. Kh2 {A good prophylactic move.
Other options:} (12. Rb1) (12. Nb3) (12. b3) 12... Bd7 13. Rb1 a6 {Black
starts preparing ...b7-b5.} (13... a5 {is the classic setup.}) 14. a3 {This
move is slightly mysterious. White wants to play b2-b4 keeping his c3-knight
protected for a while. However, it should not be dangerous for Black.} (14. a4
a5 15. Ndb5 Bc6 16. Qc2 h5 17. Bd2 Nfd7 18. f4 {1-0 Georgiev,K (2658)-Spasov,V
(2570)/Plovdiv BUL 2012/The Week in Chess 900 (64)} Nf6 $132) (14. Nb3 Na4 15.
Bd2 c5 (15... Rb8 $5) 16. Qc1 Nxc3 17. Bxc3 Qc7 18. Nd2 Re6 19. Qc2 Rae8 20. f3
Nh5 21. Nf1 Bxc3 22. Qxc3 Bc6 23. Qd2 Kh7 24. Rbd1 $14 {0-1 Tkachiev,V (2609)
-Greenfeld,A (2549)/Coventry 2005/CBM 105 ext (40)}) (14. Re3 Rb8 15. b4 Ne6
16. Nb3 h5 17. Rd3 h4 18. g4 Nh7 19. Ne2 g5 $11 {1/2 Ilincic,Z (2542)-Markovic,
M (2539)/Herceg Novi 2001/CBM 082 ext (31)}) (14. b3 Re5 15. f3 b5 16. cxb5
axb5 17. Ncxb5 Rh5 18. Be3 Ncxe4 19. fxe4 {1/2 Timoscenko,G (2455)-Yurtaev,L 
(2485)/Barnaul 1988/TD}) (14. f4 Rb8 (14... Re7 15. b4 Ne6 16. Be3 a5 17. a3
axb4 18. axb4 Qe8 19. e5 $16 {1/2 Izoria,Z (2600)-Nalbandian,T (2504)/Yerevan
2004/CBM 103 ext (30)}) 15. b4 Ne6 16. Be3 (16. Nxe6 Bxe6 17. Nd5 b5 $1 $132 {
1/2 Gaprindashvili,V (2390)-Naumann,A (2478)/Yerevan 1999/CBM 072 ext (43)})
16... b5 17. c5 dxc5 18. bxc5 Nxd4 (18... b4 19. c6 Nxd4 20. cxd7 Qxd7 21. Bxd4
bxc3 22. Rxb8 Rxb8 23. Bxc3 Qxd1 24. Rxd1 Ng4+ 25. hxg4 Bxc3 26. Rd7 c5 27. e5
$14 {1/2 Khotenashvili,B (2440)-Spasov,V (2590)/Cappelle la Grande 2011/CBM
141 Extra (82)}) 19. Bxd4 Be6 $11) (14. b4 Ne6 15. Be3 (15. Nb3 Ng4+ 16. hxg4
Bxc3 17. Bd2 Bg7 $15 {0-1 Lekic,D (2355)-Nataf,I (2583)/Vrnjacka Banja 2005/
EXT 2006 (41)}) (15. Nf3 {0-1 Grabarczyk,M (2508)-Greenfeld,A (2556)/Rethymnon
2003/CBM 098 (32)} Ng4+ 16. hxg4 Bxc3 $11 17. Bxh6 $2 Bxe1 18. Qxe1 g5) 15...
a5 $1 (15... Rb8 16. f4 (16. Qd2 Kh7 17. Rbd1 Ng5 18. f3 $14 {1-0 Izeta
Txabarri,F (2495)-Lezcano Jaen,P (2340)/Las Palmas 1995/EXT 1998 (67)}) 16...
b5 17. cxb5 axb5 18. Rc1 Nf8 19. Nd5 Nxd5 20. exd5 Ra8 21. Qd2 Ra3 $132 {
1-0 Grabarczyk,M (2435)-Umansky,V (2265)/Jaroslawec 1994/EXT 2010 (32)}) (15...
Ng5 16. f3 Qc8 17. h4 Ne6 18. Nd5 (18. Qd2 Kh7 19. Nb3 $14 {1-0 Danielsen,H 
(2430)-Mortensen,E (2500)/Copenhagen 1995/CBM 048 (34)}) 18... Qd8 (18... b5 $2
19. Nxe6 Bxe6 20. Bxh6 $1 $16 {1/2 Kengis,E (2580)-Antonio,R (2490)/Moscow
1994/CBM 045/[Dautov] (40)}) (18... Nxd4 19. Bxd4 Qd8 20. f4 Nxd5 21. cxd5 Bg4
22. Qd2 $14 {1-0 Romanko,M (2226)-Vojinovic,J (2296)/Rijeka 2010/CBM 135 Extra
(39)}) 19. Nxe6 Bxe6 20. Qd2 Kh7 21. Bd4 Nd7 22. Bxg7 Kxg7 23. Qd4+ Kg8 24. f4
Bxd5 25. cxd5 Qf6 26. Qc4 Rac8 27. Bh3 $16 {1-0 Blagojevic,D (2485)-Markovic,M
(2520)/Niksic 1997/EXT 2002 (50)}) 16. a3 axb4 17. axb4 {1-0 Jukic,B (2360)
-Cvitan,O (2575)/Pula 1993/EXT 2000 (41)} Nxd4 18. Bxd4 Be6 19. Nd5 Nxd5 20.
cxd5 Bd7 $14 {[%cal Ga8a1] /=}) 14... Qc8 (14... Rb8 15. b4 Ne6 16. Be3 Ng5 17.
f3 c5 18. bxc5 dxc5 19. Nde2 Qc8 20. Nf4 b5 21. h4 Ne6 22. cxb5 axb5 23. Nxe6
Rxe6 {0-1 Guliev,S-Itkis,B (2310)/Frunze 1989/TD (46)} 24. Qd2 $14) (14... a5
$5 {is possible but not very logical.}) 15. f4 Rb8 16. b4 Ne6 17. Nf3 c5 $6 (
17... b5 $5 {was more to the point. If} 18. e5 {then} Nh5 $5 19. Nd5 c6 (19...
bxc4 $143 20. f5 gxf5 21. Nh4 Nxg3 22. Kxg3 f4+ 23. Kh2 dxe5 24. Nf5 $16) 20.
Ne3 (20. Nc3 bxc4 21. Ne4 d5 22. Nd6 Qc7 23. Nxe8 Rxe8 $44) 20... Nhxf4 $5 (
20... dxe5 21. Nxe5) 21. gxf4 Nxf4 22. exd6 Bxh3 $13) 18. e5 $1 {[%mdl 32]
White seizes the initiative.} dxe5 (18... Nh5 19. Ne4) 19. Nxe5 $1 {Even
stronger than} (19. fxe5 $5 Nh7 20. Ne4 Rd8 21. Nd6 Qc7 22. Qe2 Bc6 23. Bb2 $14
) 19... cxb4 20. axb4 Nf8 21. Bb2 Be6 22. Nd5 {[%csl Gd5,Ge5]} Qd8 23. Qb3 h5
24. Rbd1 {[%csl Gd1,Ge1]} Bxd5 25. cxd5 h4 {Black can't create any counterplay.
} 26. d6 $1 hxg3+ 27. Qxg3 Nh5 28. Qg4 (28. Qf2 $142) 28... f5 29. Qf3 (29. Qg5
$1 Qxg5 (29... Bf6 30. Qh6 Bg7 31. Bd5+) 30. fxg5 Bxe5+ 31. Rxe5 Rxe5 32. Bxe5
Nd7 33. Bd4 $18 {[%csl Gd4,Gg2]}) 29... Qh4 30. d7 Red8 (30... Re6 $142 {
but after} 31. Nxg6 $1 Rxg6 32. Re8 Rd8 33. Rxd8 Qxd8 34. Qxh5 Bxb2 35. Qxf5 {
White's d7-pawn and the weakness of Black's king should decide the game anyway.
}) 31. Rf1 Kh7 32. Qe3 (32. Rd6 $18 {[%csl Gd6]} Qe7 $140 33. Nxg6) 32... Qe7 (
32... Bh6 33. Bc1) 33. Qc5 Qxc5 {Black can't avoid the exchange of queens:} (
33... Qh4 34. Qf2 $1) 34. bxc5 Ne6 35. Ba3 Nhxf4 36. Nf7 Rf8 37. Rxf4 $1 Rxf7
38. Rh4+ Kg8 39. Bd5 $18 Nd8 40. Re1 Bf6 41. Re8+ Kg7 42. Rhh8 Be5+ 43. Rxe5
1-0

[Event "Olympiad-40"]
[Site "Istanbul"]
[Date "2012.09.03"]
[Round "6.2"]
[White "Movsesian, Sergei"]
[Black "Grischuk, Alexander"]
[Result "1-0"]
[WhiteElo "2698"]
[BlackElo "2763"]
[Annotator "Krasenkow,M"]
[PlyCount "101"]
[EventDate "2012.08.28"]
[EventType "team-swiss"]
[EventRounds "11"]
[EventCountry "TUR"]
[SourceTitle "CBM 151"]
[Source "ChessBase"]
[SourceDate "2012.11.13"]
[SourceVersion "1"]
[SourceVersionDate "2012.11.13"]
[SourceQuality "1"]
[WhiteTeam "Armenia"]
[BlackTeam "Russia"]
[WhiteTeamCountry "ARM"]
[BlackTeamCountry "RUS"]

1. c4 g6 2. e4 Bg7 3. d4 d6 4. Nc3 Nf6 5. Nf3 O-O 6. h3 e5 7. d5 a5 8. Bg5 Na6
9. Be2 Qe8 10. Nd2 Nd7 11. a3 h6 12. Bh4 Nb6 13. g4 {It is considered hardly
good for White to allow the blockade of his queenside but GM Sergey Movsesian
has an interesting idea.} (13. b3 {is a usual move. The whole system was
examined in my survey in CBM 134.}) 13... a4 14. f3 Nc5 15. Qc2 c6 16. Bf2 Bd7
17. O-O-O {So, all White's hopes will be on the kingside.} cxd5 {Hardly a good
idea but the problem for Black is that he has no active plan, and White can
try to improve his position:} (17... Qe7 18. Kb1 Rfe8 19. h4 {[%cal Yd2f1,
Yf1e3]}) 18. exd5 $1 {Unusual but strong.} f5 19. Kb1 Rc8 20. Be3 Qd8 21. h4 (
21. Rdg1 {[%cal Yh3h4,Yh4h5] is more accurate, avoiding the following reply.})
21... e4 $5 {[%mdl 32]} 22. fxe4 fxg4 23. h5 g5 {Black now has set up a strong
blockade, which White now tries to break down.} 24. Bxc5 Rxc5 (24... dxc5 $5
25. e5 Bxe5 26. Qg6+ Bg7 27. Bd3 Rf4 $13 {[%cal Yd8f6]}) 25. e5 $1 Bf5 $6 {
This bishop exchange is probably wrong.} (25... Bxe5 $5 26. Qg6+ Bg7 27. Rhf1
Rf6 (27... Rf4 28. Rxf4 gxf4 29. Bxg4) 28. Rxf6 Qxf6 29. Qxf6 Bxf6 30. Nce4 Be5
31. Nxc5 dxc5 $44 {[%csl Gg4]}) 26. Bd3 Bxd3 27. Qxd3 Bxe5 28. Qg6+ Bg7 29.
Nce4 Rxc4 $6 (29... Rc7 30. Nxd6 Qf6 31. Qxf6 Bxf6 32. Rhe1 $14) 30. Nxc4 Nxc4
31. Rdf1 (31. Rhf1 $144) 31... g3 $2 {This pawn will now be lost.} (31... Kh8
32. Rxf8+ Qxf8 33. Re1 $1 Be5 (33... Qf3 34. Nc3 Ne5 35. Qxd6 Qd3+ 36. Ka1) 34.
Ng3 $1 $16 {[%cal Ye1f1]} Qf2 $140 35. Qxh6+ Kg8 36. Qxg5+ Kh8 37. Qh6+ Kg8 38.
Qe6+ Kh8 39. Qc8+ Kg7 (39... Kh7 40. Qf5+) 40. Nf5+ Kf6 41. Qe6+ Kg5 42. Qh6+
Kxf5 43. Qg6+ Kf4 44. Re4+ Kg3 45. Qxg4+ Kh2 46. Re2 $18) ({Even after} 31...
Nxa3+ $5 32. Ka2 Nc4 (32... Nb5 $2 33. Qe6+ Kh8 34. Rxf8+ Qxf8 35. Rc1) 33.
Rxf8+ Qxf8 34. Re1 Ne5 35. Qe6+ Kh7 (35... Kh8 36. Rc1) 36. Nxd6 Qf3 $1 37.
Qf5+ $1 Kg8 $1 38. Qc8+ Kh7 39. Qxb7 g3 (39... Nd3 40. Ne8 Qxd5+ $1 41. Qxd5
Nb4+ 42. Ka3 Nxd5 43. Rd1 {is probably winning for White}) 40. Ne8 Nf7 41. Nxg7
Kxg7 42. Qc6 $1 {[%cal Yc6c3] White is likely to win.}) 32. Rxf8+ Qxf8 33. Re1
{[%cal Re4f6]} Ne5 (33... g2 34. Nf6+ Qxf6 35. Re8+ Qf8 36. Qe6+ Kh8 37. Rxf8+
Bxf8 38. Qg4) 34. Qe6+ Kh8 35. Nxg3 {The rest is easy.} Nd3 36. Rf1 Nf4 37. Qd7
Qf6 38. Qc8+ Kh7 39. Qc2+ Kg8 40. Nf5 (40. Ne2 $5) 40... Nxh5 41. Re1 Nf4 42.
Re7 Bf8 43. Rxb7 Nxd5 44. Qc8 Nf4 45. Ka1 $1 Ne6 46. Nxd6 g4 47. Ne4 Qf1+ 48.
Ka2 Ng7 49. Qc6 Qf5 50. Nf6+ Kh8 51. Rf7 1-0